| 000 | 00888nam a2200301 i 4500 | ||
|---|---|---|---|
| 001 | 2724 | ||
| 003 | HMS | ||
| 005 | 20250902151039.0 | ||
| 008 | 750121s1974 maua b 001 0 eng | ||
| 010 | _a 73092802 | ||
| 020 | _a0674657888 | ||
| 020 | _a9780674657888 | ||
| 035 | _a4562236 | ||
| 040 |
_ahms _chms _beng |
||
| 050 | 0 | 4 |
_aWV220 _bS385 |
| 082 | 0 | 0 | _a617.8 |
| 100 | 1 |
_aSchuknecht, Harold Frederich, _d1917- _eautor _94130 |
|
| 245 | 1 | 0 |
_aPathology of the ear / _cHarold F. Schuknecht. _h[libro] |
| 260 |
_aCambridge, Mass. : _bHarvard University Press, _c1974. |
||
| 300 |
_axv, 503 p. : _bill. ; _c32 cm. |
||
| 500 | _a"A Commonwealth Fund book." | ||
| 500 | _aIncluye índice | ||
| 504 | _aIncludes bibliographies and index. | ||
| 504 | _aIncluye bibliografía | ||
| 650 | 0 |
_aEar _xDiseases. _94131 |
|
| 650 | 0 |
_aOído _vPatologías _94132 |
|
| 942 |
_2lcc _cCOL. RES. _n0 |
||
| 999 |
_c2724 _d2724 |
||